000 00680 as a2200241 4500
005 20200104041725.0
008 150812b1972 ck fr|p|rg||| 00| 0 spa d
022 _a03043584
040 _aCO-BoIAVH
_cCO-BoIAVH
041 0 _aspa
044 _ack
090 _aSE
110 1 _aUniversidad de Antioquia
_9532
245 1 0 _aActualidades Biológicas
260 _bUniversidad de Antioquia:
_aColombia,
_c1972-.
310 _af
321 _au
505 _aSe publican artículos semestralmente en materia de ciencias biológicas.
650 6 _aCiencias biológicas
650 6 _aBiología
650 6 _aCiencias naturales
942 _cREVISTA
_2z
_s1
_01
999 _c16662
_d16662